000 01217nas a2200349 4500
001 BR2012007967
003 BR-BrBNA
005 20231205121414.0
007 ta
008 230509b bl.|||p| |||| 00| 00por d
040 _aBR-BrBNA
_bpor
_cBiblioteca Nacional de Agricultura
041 _a(Pt)
072 _aL74; L70
100 1 _aTeixeira, M.J.D.
100 1 _aSobral, A.P.V.
100 1 _aAbreu-e-Lima, M. do C.
100 1 _aMaia, F.C.L.
100 1 _aChristilis, M.
100 1 _aSouza, D.M.B.
100 1 _aAdrião, M.
100 1 _aWischral, A.
245 1 _aAvaliação da superexpressão da proteína p53 e das mutações no éxon 8 do gene TP53 em carcinomas mamários caninos e glândulas normais
246 1 _aEvaluation of immunohistochemical over expression of p53 protein and of mutations in exon 8 of Tp53 gene in canine mammary carcinomas and normal mammary glands
650 _aCÃO
650 _aFÊMEA
650 _aCARCINOMA
650 _aTUMOR
650 _aGLÂNDULA MAMÁRIA
773 0 _tPesquisa Veterinária Brasileira (Brazil)
_xISSN 0100-736X
_g(Jun 2011), v. 31(6) p. 521-526
_wBR2012007967
909 _a202311
_bLúcia
_c55
_dLúcia Elande
942 _2AGRIS
_n0
_cANA
999 _c223401
_d223401